| 000 | 00751cam a2200241 4500 | ||
|---|---|---|---|
| 001 | BIIH003518 | ||
| 008 | t19901990mx spa | ||
| 020 | _a9682927846 | ||
| 035 | _aBIIH003518 | ||
| 050 | 0 | 0 |
_aF1221.T9 _bP74 1990 |
| 100 | 1 | _aCollier, George | |
| 245 | 1 | 0 |
_aPlanos de interaccion del mundo tzotzil / _cGeorge A. Collier ; tr. Celia Paschero. |
| 260 |
_aMéxico : _bCONACULTA : INI, _c1990 |
||
| 300 |
_a297 p. ; _c21 cm. |
||
| 440 | 0 |
_aPresencias ; _vno.5 |
|
| 504 | _aBibliografia: p. 271-293 | ||
| 504 | _aIncluye apendice | ||
| 650 | 4 |
_aTzotziles _xAgricultura |
|
| 650 | 4 |
_aEcologia humana _zChiapas (México) |
|
| 650 | 4 |
_aTzotziles _xVida social y costumbres |
|
| 700 | 1 | _aPaschero, Celia, tr. | |
| 942 |
_2lcc _cLIB |
||
| 999 |
_c99933 _d99933 |
||